Kumaun ke sthan-naam: samaj-bhashik adhyayan (Record no. 8759)

MARC details
000 -LEADER
fixed length control field 00338nam a2200133Ia 4500
020 ## - INTERNATIONAL STANDARD BOOK NUMBER
ISBN 9788172113605
082 ## - DEWEY DECIMAL CLASSIFICATION NUMBER
Classification number 305.8009542 POK-;
100 ## - MAIN ENTRY--AUTHOR NAME
Personal name Pokhariya, Devsingh
245 #0 - TITLE STATEMENT
Title Kumaun ke sthan-naam: samaj-bhashik adhyayan
260 ## - PUBLICATION, DISTRIBUTION, ETC. (IMPRINT)
Place of publication New Delhi
Name of publisher Northern Book Centre
Year of publication 2016
300 ## - PHYSICAL DESCRIPTION
Number of Pages xxxii, 384p
650 ## - SUBJECT ADDED ENTRY--TOPICAL TERM
Topical Term KUMAUN
942 ## - ADDED ENTRY ELEMENTS (KOHA)
Koha item type Books
Holdings
Withdrawn status Lost status Damaged status Not for loan Collection code Home library Current library Date acquired Source of acquisition Bill Date Full call number Accession Number Price effective from Koha item type Public note
        हिंदी पुस्तकों पर विशेष संग्रह NASSDOC Library NASSDOC Library 18/08/2016 Gifted by : PRS Division of ICSSR 2016-03-15 305.8009542 POK-; 49032 18/04/2019 Books हिंदी पुस्तकों पर विशेष संग्रह